| 000 | 00738nam a2200253#a 4500 | ||
|---|---|---|---|
| 001 | 02010 | ||
| 003 | HDC | ||
| 007 | ta | ||
| 008 | 230623s2008 xx 000 0 eng d | ||
| 020 | _a9789833827664 (pbk). | ||
| 040 | _aHDC | ||
| 050 |
_aBP173.75 _b .A2 2008 |
||
| 245 | 0 |
_aPengurusan perniagaan ISlam : _bkonsep, isu dan perlaksanaan / _cAb. Aziz Yusof. |
|
| 264 |
_aSintok, Kedah : _bPenerbit Universiti Utara Malaysia, _c2008. |
||
| 300 |
_axxviii,516p. ; _c 23cm. |
||
| 650 |
_aBusiness _xReligious aspects _xIslam. |
||
| 650 |
_aEconomics _xReligious aspects _xIslam. |
||
| 650 | _aIndustrial management. | ||
| 700 |
_aAhmad Bashir Aziz, _d1964-. |
||
| 942 | _2lcc | ||
| 942 | _cBK | ||
| 942 | _kBP173.75 | ||
| 942 | _m .A2 2008 | ||
| 999 |
_c23570 _d23570 |
||